| 000 | 00656cam a2200217 a 4500 | ||
|---|---|---|---|
| 003 | CO-ViMGA | ||
| 005 | 20230915233137.0 | ||
| 008 | 020122s2001 sp r 00011dspa d | ||
| 020 | _a9786070713538 | ||
| 040 |
_aCO-ViMGA _bspa _cCO-ViMGA |
||
| 043 | _ae-sp--- | ||
| 082 | 0 | 4 |
_a863.6 _bT14r1 _219 ed. |
| 100 | 1 |
_aTaibo, Paco Ignacio, _cII, _d1949- _92433 |
|
| 245 | 1 | 0 |
_aRetornamos como sombras / _cPaco Ignacio Taibo II. |
| 260 |
_aMéxico : _bPlaneta, Joaquin Mortiz _c2012. |
||
| 300 |
_a460 p. ; _c17 cm. |
||
| 650 | 1 | 4 |
_aNovela española. _9801 |
| 650 | 1 | 4 |
_aNovela negra. _zEspaña _93958 |
| 650 | 6 |
_aLocura _v Novela. _93959 |
|
| 942 |
_2ddc _cBK |
||
| 999 |
_c35636 _d35636 |
||